|
|
|
|
| LEADER |
00000cam a22000002c 4500 |
| 001 |
087323974 |
| 003 |
DE-627 |
| 005 |
20241103213119.0 |
| 007 |
tu |
| 008 |
050731s1906 xx ||||| 00| ||ger c |
| 035 |
|
|
|a (DE-627)087323974
|
| 035 |
|
|
|a (DE-576)9087323972
|
| 035 |
|
|
|a (DE-599)GBV087323974
|
| 035 |
|
|
|a (OCoLC)831249242
|
| 040 |
|
|
|a DE-627
|b ger
|c DE-627
|e rakwb
|
| 041 |
|
|
|a ger
|
| 044 |
|
|
|c XA-DXDE
|
| 084 |
|
|
|a 1
|2 ssgn
|
| 100 |
1 |
|
|8 1\p
|0 (DE-588)118540343
|0 (DE-627)133875946
|0 (DE-576)208938273
|4 aut
|a Götze, Alfred
|d 1876-1946
|
| 109 |
|
|
|a Götze, Alfred 1876-1946
|a Götze, A. 1876-1946
|a Götze, Alfred Woldemar 1876-1946
|a Götze, Alfred August Woldemar 1876-1946
|a Götze, Alfred A. 1876-1946
|a Goetze, Alfred Woldemar 1876-1946
|
| 245 |
1 |
0 |
|a Martin Butzers Erstlingsschrift
|b [Ain schoener dialogg Vnd gesprech zwischen aim Pfarrer vnd aim Schulthayß betreffend allen übel Stand der gaystlichen ... 1521]
|c Alfred Götze
|
| 264 |
|
1 |
|a Leipzig
|b Heinsius
|c 1906
|
| 300 |
|
|
|a S. 1 - 64
|
| 336 |
|
|
|a Text
|b txt
|2 rdacontent
|
| 337 |
|
|
|a ohne Hilfsmittel zu benutzen
|b n
|2 rdamedia
|
| 338 |
|
|
|a Band
|b nc
|2 rdacarrier
|
| 490 |
1 |
|
|a Archiv für Reformationsgeschichte
|v 4.1906,13,[1]
|
| 583 |
1 |
|
|a Archivierung prüfen
|c 20240324
|f DE-4165
|z 1
|2 pdager
|
| 700 |
1 |
|
|0 (DE-588)118516507
|0 (DE-627)133760855
|0 (DE-576)160462398
|4 oth
|a Bucer, Martin
|d 1491-1551
|
| 830 |
|
0 |
|a Archiv für Reformationsgeschichte
|v 4.1906,13,[1]
|9 1906,0004,13
|w (DE-627)129388610
|w (DE-576)014774712
|w (DE-600)184420-9
|x 0003-9381
|7 am
|
| 883 |
|
|
|8 1\p
|a cgwrk
|d 20241001
|q DE-101
|u https://d-nb.info/provenance/plan#cgwrk
|
| 935 |
|
|
|a RFBW
|a mteo
|
| 951 |
|
|
|a BO
|
| ELC |
|
|
|b 1
|
| LOK |
|
|
|0 000 xxxxxcx a22 zn 4500
|
| LOK |
|
|
|0 001 4541527162
|
| LOK |
|
|
|0 003 DE-627
|
| LOK |
|
|
|0 004 087323974
|
| LOK |
|
|
|0 005 20240625102003
|
| LOK |
|
|
|0 008 240625||||||||||||||||ger|||||||
|
| LOK |
|
|
|0 040
|a DE-Tue135
|c DE-627
|d DE-Tue135
|
| LOK |
|
|
|0 092
|o n
|
| LOK |
|
|
|0 852
|a DE-Tue135
|
| LOK |
|
|
|0 852 1
|9 00
|
| LOK |
|
|
|0 866
|x SPQUE#Reformationsgeschichtliche Forschungsbibliothek Wittenberg#SPSAM#Lutherhaus#SPUSM#Neubestand
|
| LOK |
|
|
|0 935
|a RFBW
|a lglu
|a lgnb
|
| LOK |
|
|
|0 939
|a 25-06-24
|b l01
|
| ORI |
|
|
|a SA-MARC-ixtheoa001.raw
|